African national team nicknames - Statistics

General Stats
  • This quiz has been taken 59 times
  • The average score is 15 of 54
Answer Stats
Hint Answer % Correct
الفراعنة (The Pharaohs) Egypt
98%
Kilimanjaro Stars / Taifa Stars Tanzania
80%
نسور قرطاج (Les Aigles de Carthage) Tunisia
78%
أسود الأطلس (Les Lions de l'Atlas) Morocco
73%
Black Stars Ghana
71%
Bafana Bafana South Africa
67%
Super Eagles Nigeria
65%
Les Éléphants Ivory Coast
61%
الأفناك (Les Fennecs) Algeria
57%
Club M / Les Dodos Mauritius
55%
Nile Crocodiles / صقور الجديان (Falcons of Jediane) Sudan
55%
Lions Indomptables Cameroon
53%
The Leones Stars Sierra Leone
53%
فرسان المتوسط (Mediterranean Knights) Libya
47%
Riverains de la Mer Rouge Djibouti
41%
ኣግማል ቀይሕ ባሕሪ (Red Sea Camels) Eritrea
39%
Tubarões Azuis (Blue Sharks) Cape Verde
37%
Sihalngu Semnikati (King's Shield) Eswatini
35%
Les Lions de la Téranga Senegal
31%
The Cranes Uganda
25%
Os Verde-Amarelos (Green-Yellows) São Tomé and Príncipe
24%
Palancas Negras Angola
22%
Dipitse (The Zebras) Botswana
22%
Chipolopolo (Copper Bullets) / KK 11 Zambia
22%
المرابطون (Almoravids) Mauritania
20%
Harambee Stars Kenya
18%
Les Coelecantes Comoros
16%
Les Léopards D.R. Congo
16%
Os Mambas Mozambique
16%
Les Écureuils Benin
14%
Les Fauves (Wild Beasts) Central African Republic
14%
The Pirates Seychelles
14%
Ocean Stars Somalia
14%
Les Étalons Burkina Faso
12%
Les Hirondelles Burundi
12%
Scorpions Gambia
12%
Walyas Ethiopia
10%
Les Panthères Gabon
10%
Lone Stars Liberia
8%
Les Baréa Madagascar
8%
Les Éperviers (Sparrowhawks) Togo
8%
The Warriors Zimbabwe
8%
Diables Rouges Congo
6%
Nzalang Nacional Equatorial Guinea
6%
Syli National Guinea
6%
The Flames Malawi
6%
Les Aigles (Eagles) Mali
6%
Brave Warriors Namibia
6%
Les Sao Chad
4%
Likuena Lesotho
4%
Amavubi (The Wasps) Rwanda
4%
The Bright Stars South Sudan
4%
Djurtus (Wild Dogs) Guinea-Bissau
2%
Le Mena Niger
2%
No matching quizzes found
Score Distribution
Percent of People with Each Score
Percentile by Number Answered
Your Score History
You have not taken this quiz